000 00310nam a22001337a 4500
020 _a0-19-560675-2
082 _a823
_bCER/A
100 _aCERVANTES, MIGUEL
245 _aTHE ADVENTURES OF DON QUIXOTE
260 _aDELHI
_bOXFORD UNIVERSITY PRESS
_c2000
300 _a96
650 _aNOVEL
_zINDIA
942 _cBK
999 _c2959
_d2959